00205nam a22000857a 4500008004100000082001700041245004300058260000900101300000900110230703b xxu||||| |||| 00| 0 eng d a342.676bUGA aConstitution of the republic of Uganda c1995 a196p